000 00686nam a2200241Ia 4500
003 OSt
005 20220927105708.0
006 a|||||r|||| 00| 0
007 ta
008 220926b |||||||| |||| 00| 0 eng d
024 _a200919
037 _cReference Collections
040 _aRTL
_cRTL
_beng
041 _2eng
_aeng
082 _a"k4.N, K7.2"
100 _aBalfour Edward
_9374237
245 0 _aCyclopaedia of India and of eastern and southern Asia
260 _aAustria
_bAkademische Druck
_c1967
300 _a1128p.
_ccm.
500 _aBibliography: P 339-356
942 _h"k4.N, K7.2"
_cCC
999 _c693943
_d693943